00658nam a22002057a 450000100060000000300080000600500170001400800410003103500190007204000260009104100080011708200250012524501030015026000400025330000480029350400410034165000250038270000210040770000240042820842BD-RjUL20211209000622.0140302s1953 enkaf 000 0 eng d a(BD-RjUL)20904 aBD-RjULbengcBD-RjUL aeng a610.68bMED V-1 1953 aMedicine /cedited by Hugh G. Garland and William Phillips, foreword by F. A. E. Crew.nVolume One aLondon :bMacmillan and Co.,c1953. a2 v. (2146 p.) :bll. (part col.) ;c26 cm. aIncludes bibliographical references. 0aMedicine xPractice.1 aGarland, Hugh G.1 aPhillips, William.